000 01397nam a2200361Ia 4500
001 ebr10602092
003 CaPaEBR
006 m o u
007 cr cn|||||||||
008 120621s2012 enk sb 001 0 eng d
010 _z 2012018125
020 _z9780470979716 (hardback)
020 _z9781118443279
040 _aCaPaEBR
_cCaPaEBR
035 _a(OCoLC)809555689
050 1 4 _aTK7836
_b.V65 2012eb
082 0 4 _a621.3815
_223
100 1 _aVoldman, Steven H.
245 1 0 _aESD basics
_h[electronic resource] :
_bfrom semiconductor manufacturing to use /
_cSteven H. Voldman.
260 _aChichester, West Sussex :
_bWiley,
_c2012.
300 _axviii, 208 p.
504 _aIncludes bibliographical references and index.
533 _aElectronic reproduction.
_bPalo Alto, Calif. :
_cebrary,
_d2015.
_nAvailable via World Wide Web.
_nAccess may be limited to ebrary affiliated libraries.
650 0 _aElectronic apparatus and appliances
_xDesign and construction.
650 0 _aElectric discharges.
650 0 _aElectronic apparatus and appliances
_xProtection.
650 0 _aMicroelectronics.
650 0 _aStatic eliminators.
650 0 _aElectrostatics.
655 7 _aElectronic books.
_2local
710 2 _aebrary, Inc.
856 4 0 _uhttp://site.ebrary.com/lib/rucke/Doc?id=10602092
_zAn electronic book accessible through the World Wide Web; click to view
999 _c194917
_d194917